000 00710nam a2200205 a 4500
001 000046395
005 20201002052835.0
008 150807s1989 dr 000 0 spa d
040 _aDO-SdBNP
_bspa
_cBNPHU
082 _axxxx
_bxxxx
100 1 _aFernández, Jorge Max
_910925
245 1 0 _aSistema educativo dominicano :
_buna visión crítica en la busqueda de un próposito /
_cJorge Max Fernández.
250 _a3a. ed.
260 _aSanto Domingo :
_bEmpresas Unidas,
_c1989.
300 _a61 p. ;
_c21 cm.
490 0 _aPlan educativo
_v3
590 _aPerteneció a la biblioteca personal de Chiqui Vicioso/Fidelio Despradel
504 _aBibliografía p: 51-52
830 0 _aPlan educativo
_n3
_974423
999 _c45884
_d45884